| 000 | 00886ny a22002053n 4500 | ||
|---|---|---|---|
| 005 | 20240305165320.0 | ||
| 008 | 090727s2000 sp || 000|0 spa d | ||
| 035 | _a4579 | ||
| 040 |
_aBUS _dvLex |
||
| 090 |
_c692 _d692 |
||
| 100 | 1 | _aVázquez Iruzubieta, Carlos | |
| 245 | 1 | 0 |
_aComentarios al Código Penal _h[Recurso electrónico] _cCarlos Vázquez Iruzubieta |
| 256 | _aServicio en línea | ||
| 260 |
_aBarcelona : _bvLex, _c2009 |
||
| 506 | 1 |
_aContenido solo disponible en los productos indicados _dvLex Global _dvLex Global (Academic Edition, excluding Law Schools) _dvLex Global (U.S. Academic Edition, Law Schools) _dvLex Global (U.S. Academic Edition, excluding Law Schools) _dvLex Global (Academic Edition, Law Schools) |
|
| 650 | 0 | 7 |
_aDerecho penal _2Tesauro vLex |
| 740 | 0 | _avLex Libros (Servicios en línea) | |
| 856 | 4 | 0 | _uhttps://app.vlex.com/#/sources/4579 |
| 942 | _cRAA | ||
| 999 |
_c159211 _d159211 |
||